000
00344nam a2200145Ia 4500
008
220919s9999 xx 000 0 und d
020
_a
9780099582076
082
_a
823.914
_b
RUS
100
_a
RUSHDIE, SALMAN
245
0
_a
MIDNIGHT`S CHILDREN
260
_b
VINTAGE BOOKS, LONDON
_c
2013
300
_a
647
650
_a
English
942
_c
BK
999
_c
169694
_d
169694